000 01516nam0a22003491 4500
001 v19\rc\1697617
005 20260407142746.0
035 _a(NLR Aleph) 004800182
090 _a4820783
_c4820783
100 _a20061002d1898 |||y0rusy50 ca
101 0 _arus
102 _aRU
105 _ay z |||||
135 _acrmn mmmanaba
200 1 _aСписок врачей выпуска 1883 г. Военно-медицинской академии
_e(XV. 1883-1898)
210 _a[Санкт-Петербург]
_dценз. 1898
215 _a8 с.
_d22
325 _aКопия доступна в Электрон. б-ке РНБ
532 1 1 _aСписок врачей выпуска тысяча восемьсот восемьдесят третьего года Военно-медицинской академии
710 0 2 _aВоенно-медицинская академия
_cПетербург
_3RU\NLR\AUTH\8810013557
_9525018
801 0 _aRU
_bNLR
_gpsbo
801 0 _aRU
_bRuMoRGB
_2psbo
801 1 _aRU
_bProSoft-M
_2rusmarc
852 _aNLR
_j18.295.5.225
899 _aБАН
942 _cBOOK
980 _aNB
981 4 4 _a(44) Оцифровано по рекомендациям читателей
981 2 2 _a(22) Материалы по истории России
_b(22) Списки служащих, военных чинов, переписи населения